00847nam a2200241 a 450000100060000000300080000600500170001400800390003102000150007003500190008504000320010404100080013608200220014410000310016624501250019726000300032230000260035250000890037850400200046760000310048765000300051865100570054823716BD-RjuL20211209000949.0140311t19701968enk 001 0aeng a0304935468 a(BD-RjUL)23781 aDLCcDLCdm.cdBD-RjULbeng aeng04a923.273bKRM 19701 aKrock, Arthur,d1886-1974.10aMemoirs :bIntimate recollections of twelve American Presidents from Theodore Roosevelt to Richard Nixon /cArthur Krock aLondon :bCassell,c1970. axii, 508 p. ;c24 cm. aNew York ed. published in 1968 under title: Memoirs : sixty years on the firing line aincludes index.10aKrock, Arthur,d1886-1974. 0aPresidentszUnited States 0aUnited StatesxPolitics and governmenty20th century